Diseñando Apps para móviles

Salvato in:
Dettagli Bibliografici
Autori principali: Cuello, Javier (Autore), Vittone, José (Autore)
Natura: Libro
Lingua:spagnolo
Pubblicazione: Barcelona Createspace 2014
Edizione:1a. ed
Soggetti:
Tags: Aggiungi Tag
Nessun Tag, puoi essere il primo ad aggiungerne!!

MARC

LEADER 00000cam a2200000 a 4500
001 UCD5549
003 CL-VaPUC
008 160915e20140000sp |||||||||||||||||spa|d
020 |a 9781495454448 
082 0 4 |a 004.6  |b CUE  |2 21 
100 0 |a Cuello, Javier  |e author  |9 589332 
700 0 |a Vittone, José  |e author  |9 589333 
245 1 0 |a Diseñando Apps para móviles 
250 |a 1a. ed 
300 |a 276 p 
942 |c BK 
945 |d 20160915 16:42:00  |a dcastane 
260 |a Barcelona  |b Createspace  |c 2014 
650 0 |a Aplicaciones web  |9 468232 
650 0 |a Dispositivos móviles  |9 571814 
650 0 |a Telefonía móvil   |9 471402 
583 |a last modification  |c 20160916 09:38:17  |k Rodrigo Vera 
999 |c 366203  |d 366201 
952 |0 0  |1 0  |3 erb  |4 0  |6 004_600000000000000_CUE_2014  |7 0  |8 A  |9 480267  |a BIBARQ  |b BIBARQ  |i 533845K  |l 3  |o 004.6 CUE 2014  |p 533845K  |r 2025-01-20  |s 2022-05-09  |w 2019-11-24  |y BK  |z Catalogado en:20160915  |k ARQ